Tu u nás, v Rusku

Bibliographic Details
Main Author: Šabanov, Vasilij (Author)
Format: Article
Language:Slovak
Subjects:

MARC

LEADER 00000nab a2200000 a 4500
001 vtls000136312
003 SK-MaSNL
005 20260303175546.0
008 150430c1982 xo 0 slo
015 |a SNBRB19rr/mm-uuuuu 
035 |a CL0146418 
040 |a SNKBUCL  |b slo  |c SNKBUCL  |e AACR2 
041 0 |a slo 
044 |a xo  |c SK 
080 |a 882-1  |2 1981 
100 1 |a Šabanov, Vasilij  |4 aut  |9 443105 
245 1 0 |a Tu u nás, v Rusku  |c Vasilij Šabanov 
650 0 7 |a básne reflexívne  |2 snkbucl  |9 898242 
650 0 7 |a sovietska literatúra  |2 snkbucl  |9 22300 
655 7 |a články z novín a časopisov  |2 snkbucl  |9 267496 
655 7 |a články z odboru literárna veda a krásna literatúra  |2 snkbucl  |9 770045 
773 0 |t Hlas ľudu  |g Roč. 28, č. 280 (25. 11. 1982), s. /6/ 
850 |a Slovenská národná knižnica v Martine  |a MTA001 
852 |a SNK  |b KIS3GCP 
958 |a RK 
958 |a LX 
958 |a SK 
992 |a RBX 
999 |c 2102413  |d 2104343